000 00589nam a22001817a 4500
999 _c62579
_d62579
005 20241210110950.0
008 241210s2019 enk||||| |||| 00| 0 eng d
020 _a9789388511414x
041 _aeng
080 _a159.98 Sh-31
100 _aSharma, Prashant
_923939
245 _aSoft Skills:
_bPersonality Development For Life Success /
_cPrashant Sharma.
264 _aNew Delhi :
_bBPB Publications,
_c2019.
300 _a250 p.;
_b24 cm.
653 _aპიროვნების განვითარება
653 _aფსიქოლოგია
942 _2udc
_cBK